00868 a2200229 450000500170000000800410001702000150005804000500007304100080012310000240013124501630015526000370031830000400035549000270039565000400042265000360046265000350049865000310053370000180056470000190058270000370060120180312141953.0131115s2003 ck a br|||| 00| 0 spa d a9580449783 aCO-BoUCMbspacJose A. GerenadJose A. Gerena00aspa1 aBourgeois, Paulette10aFranklin va al campamento cPaulette Bourgrois, Brenda Clark ; actividades de Jane B. Mason ; traducción de Ana Cristina Robledobun cuento con actividades c2003bNormaaBogotá (Colombia) a24 páginasbilustraciones a color aAventuras con Franklin 7aLiteratura infantil estadounidense  7aLibros ilustrados para niños  7aLibros y lectura para niños  7aAnimales en la literatura 1 aClark, Brenda1 aMason, Jane B.1 aRobledo, Ana Cristinaetraductor